Address delivered before the Philadelphia Society for Promoting Agriculture : at its meeting, on the twentieth of July, 1834. /

Bibliographic Details
Main Author: Carey, Mathew, 1760-1839
Corporate Author: Philadelphia Society for Promoting Agriculture
Format: Book
Language:English
Published: Philadelphia : Printed by Joseph R.A. Skerrett, 1824.
Subjects:

MARC

Tag First Indicator Second Indicator Subfields
LEADER 00000cam a2200000 i 4500
001 in00005780913
005 20260505215232.4
008 180303s1824 pau b 000 0 eng d
040 |a AOW  |b eng  |c AOW  |d OCLCO  |d OCLCF  |d OCLCQ  |d OCLCO  |d OCLCL  |d OCLCQ  |d TXA 
035 |a (OCoLC)1026664292 
043 |a n-us--- 
100 1 |a Carey, Mathew,  |d 1760-1839.  |1 https://id.oclc.org/worldcat/entity/E39PBJmtC8J6FFrCPtqwX9dCwC 
245 1 0 |a Address delivered before the Philadelphia Society for Promoting Agriculture :  |b at its meeting, on the twentieth of July, 1834. /  |c by Mathew Carey, Esq. 
264 1 |a Philadelphia :  |b Printed by Joseph R.A. Skerrett,  |c 1824. 
300 |a xii, 9-80 pages ;  |c 21 cm. 
336 |a text  |b txt  |2 rdacontent 
337 |a unmediated  |b n  |2 rdamedia 
338 |a volume  |b nc  |2 rdacarrier 
500 |a The Cushing Library/Dykes Collection copy is bound with: Charter and by-laws of the Philadelphia Society for Promoting Agriculture. Instituted February 14, 1809. [Germantown, Pa. : Printed by P. R. Freas & Co., 1840) -- Charter and by-laws of the Philadelphia Society for Promoting Agriculture. Instituted February 14, 1809. [Germantown, Pa. : Printed a the office of The Telegraph, 1850) -- Practical value of the analysis of soils / by James C. Booth. [Place of publication not identified : publisher not identified, 1853?] -- Address to the citizens of Pennsylvania of the importance of a more liberal encouragement of agriculture ... [Philadelphia : Printed by order of the Society, 1818] -- An act to incorporate the Philadelphia Society for promoting Agriculture ... [Place of publication not identified : publisher not identified, 1819] -- An address delivered before the Philadelphia Society for Promoting Agriculture at its anniversary meeting, January 18, 1820 / by William Tilghman, L.L.D. [Philadelphia : Published by order of the Society, 1820] -- Address delivered before the Philadelphia Society for Promoting Agriculture at its annual meeting, on the twenty-third of January, 1823 / by Richard Peters, its president ... [Philadelphia : Clark & Razer, 1823] -- Address delivered before the Philadelphia Society for Promoting Agriculture at its meeting, on the twentieth of July, 1824 / by Mathew Carey, Esq. [Philadelphia : Printed by Joseph A. Skerrett, 1824] -- Address delivered before the Philadelphia Society for Promoting Agriculture, at its annual Exhibition, held on Oct. 17, 1844 / by William Darlington, M. D. [Germantown, Pa. : Printed at the office of the Germantown Telegraph, 1844] -- Address delivered before the Philadelphia Society for Promoting Agriculture, at their annual Exhibition, held at the Lamb Tavern, on the Lancaster Turnpike, Oct. 5, 1849 / by the Hon. Joseph Ingersoll, ... [Philadelphia : John C. Clark, printer, 1849] -- Minutes of the Philadelphia Society for the Promotion of Agriculture, rom its institution in February, 1785, to March, 1810. [Philadelphia : J.C. Clark & Son, printers, 1854] -- Addresses made before the Philadelphia Society for Promoting Agriculture during Winter of 1920-1921. [Philadelphia : Philadelphia Society for Promoting Agriculture, 192-?].  |5 TXA 
504 |a Includes bibliographical references. 
510 4 |a Sabin,  |c 10899 
510 4 |a Shoemaker,  |c 15646 
510 4 |a Goldsmiths'-Kress library of economic literature,  |c no. 24018 
650 0 |a Agriculture  |z United States. 
650 0 |a Protectionism. 
650 0 |a Tariff  |z United States. 
650 6 |a Protectionnisme. 
650 7 |a Agriculture.  |2 fast  |0 (OCoLC)fst00801355 
650 7 |a Protectionism.  |2 fast  |0 (OCoLC)fst01079619 
650 7 |a Tariff.  |2 fast  |0 (OCoLC)fst01143154 
651 7 |a United States.  |2 fast  |0 (OCoLC)fst01204155  |1 https://id.oclc.org/worldcat/entity/E39PBJtxgQXMWqmjMjjwXRHgrq 
710 2 |a Philadelphia Society for Promoting Agriculture. 
936 |a BATCHLOAD 
994 |a Z0  |b TXA 
948 |h HELD BY TXA - 1 OTHER HOLDINGS 
999 f f |i dcbf260f-3f64-49f7-82be-13b5410957ff  |s 0de350f0-b9f7-4b20-89b9-c0307c787c39  |t 0 
952 f f |p noncirc  |a Texas A&M University  |b College Station  |c Cushing Memorial Library & Archives  |s cush dyks  |d Cushing: Dykes (Does not check out)  |t 0  |e S108.P53 P55 1840  |h Library of Congress classification  |i unmediated -- volume 
998 f f |a S108.P53 P55 1840  |t 0  |l Cushing: Dykes (Does not check out)